00542nam a2200193 a 4500001001300000003000900013005001700022008004100039020002300080082001700103100002000120245007200140260004400212300000900256500003500265505001000300650001800310700002000328nice12345678IN_TiNIC20260116012744.0050524s1994 lona grp 000 0 eng  a0193865 c29000a954.029bGOR aGordon, Stewart aMarathas, Marauders and State Formation in Eighteenth Century India aLondan bOxford University Press c1994 a223p aincludes index and biblioraphy2 aIndex aIndia-History1 aGordon, Stewart